Globalisation and the issue of social citizenship (Record no. 83648)

000 -LEADER
fixed length control field 01145pab a2200169 454500
008 - FIXED-LENGTH DATA ELEMENTS--GENERAL INFORMATION
fixed length control field 180718b2009 xxu||||| |||| 00| 0 eng d
100 ## - MAIN ENTRY--PERSONAL NAME
Personal name Singh, Shivani
245 ## - TITLE STATEMENT
Title Globalisation and the issue of social citizenship
260 ## - PUBLICATION, DISTRIBUTION, ETC.
Date of publication, distribution, etc. 2009
300 ## - PHYSICAL DESCRIPTION
Extent p.245-251.
362 ## - DATES OF PUBLICATION AND/OR SEQUENTIAL DESIGNATION
Dates of publication and/or sequential designation Apr-Jun
520 ## - SUMMARY, ETC.
Summary, etc. The effects of globalisation have been felt in all the spheres of administration but the worst hit has been the discourse on social citizenship. Marshall emphasized in his concept of social citizenship that state should provide a basic minimum to all its citizens. Globalisation with its roots in privatisation endorses "Retreat of State" and "Control of Market". In a country like India where farmers are giving away their lands at throwaway prices in the name of development, higher education is not gender-friendly, employees of call centres are facing cultural subordination, the author shows that in all the above cases only positive intervention of the state can counter these ill-effects of globalisation. - Reproduced.
650 ## - SUBJECT ADDED ENTRY--TOPICAL TERM
Topical term or geographic name entry element Globalization
773 ## - HOST ITEM ENTRY
Main entry heading Indian Journal of Public Administration
908 ## - PUT COMMAND PARAMETER (RLIN)
Put command parameter N
909 ## -
-- 83648
Holdings
Withdrawn status Lost status Damaged status Not for loan Permanent Location Current Location Date acquired Serial Enumeration / chronology Barcode Date last seen Price effective from Koha item type
        Indian Institute of Public Administration Indian Institute of Public Administration 2018-07-19 Volume no: 55, Issue no: 2 AR84108 2018-07-19 2018-07-19 Articles

Powered by Koha